00915nam a22001937a 4500003000900000008004100009020002000050040007100070082003100141110001800172245002900190260003200219300004300251505035700294650001900651650001900670650001200689650002000701AR-CdUCM190726b ||||| |||| 00| 0 spa d a1501132000-1307 aMUNICIPALIDAD PROVINCIAL DEL CUSCOcBIBLIOTECA MUNICIPAL DEL CUSCO 22 ed.aES / 574.522 /bN89 aCOSUDE-CAPLAB aNuestro medio ambiente / aLimabCOSUDE-CAPLAB,c2000. a3 módulos ;bilustraciones ;c30 cm. aContenido : m.1: ¿Cómo conocer nuestro Medio Ambiente? -- ¿Por qué vivir y trabajar en un Medio Ambiente más saludable? -- ¿Cómo combatir la contaminación y el deterioro del Medio Ambiente? -- m.2: Trabajando por un ambiente limpio -- Limpiando nuestro ambiente de trabajo -- m.3: El programa estrategico de seguridad e higiene laboral ... aMedio ambiente aConservación aHigiene aContaminación